|
|
|
|
| LEADER |
00000nam0a2200000 4500 |
| 001 |
199928 |
| 005 |
20231031184458.0 |
| 010 |
|
|
|a 5020297151
|
| 020 |
|
|
|a RU
|b 91-12945
|
| 035 |
|
|
|a (RuTPU)RU\TPU\book\217987
|
| 090 |
|
|
|a 199928
|
| 100 |
|
|
|a 20110829d1991 k y0rusy5003 ca
|
| 101 |
0 |
|
|a rus
|
| 102 |
|
|
|a RU
|
| 105 |
|
|
|a a z 001zy
|
| 200 |
1 |
|
|a Газодинамическое конструирование
|f В. А. Щепановский
|g Академия наук СССР (АН СССР), Сибирское отделение (СО), Красноярский филиал; под ред. Ю. А. Ведерникова
|
| 210 |
|
|
|a Новосибирск
|c Наука
|d 1991
|
| 215 |
|
|
|a 200 с.
|c ил.
|
| 320 |
|
|
|a Библиогр.: с. 192-199.
|
| 610 |
1 |
|
|a газодинамическое конструирование
|
| 610 |
1 |
|
|a пространственные течения
|
| 610 |
1 |
|
|a построение
|
| 610 |
1 |
|
|a волновое сопротивление
|
| 610 |
1 |
|
|a расчет
|
| 610 |
1 |
|
|a аэродинамика
|
| 610 |
1 |
|
|a математическое моделирование
|
| 610 |
1 |
|
|a характеристика
|
| 610 |
1 |
|
|a летательные аппараты
|
| 610 |
1 |
|
|a аэромеханика
|
| 675 |
|
|
|a 629.73.015
|v 3
|
| 700 |
|
1 |
|a Щепановский
|b В. А.
|g Владимир Александрович
|4 070
|
| 702 |
|
1 |
|a Ведерников
|b Ю. А.
|4 340
|
| 712 |
0 |
2 |
|a Академия наук СССР (АН СССР)
|b Сибирское отделение (СО)
|b Красноярский филиал
|2 stltpush
|3 (RuTPU)RU\TPU\col\12867
|
| 801 |
|
0 |
|a RU
|b RuMRKP
|c 19950417
|g psbo
|
| 801 |
|
1 |
|a RU
|b 63413507
|c 20110829
|
| 801 |
|
2 |
|a RU
|b 63413507
|c 20110901
|g RCR
|
| 942 |
|
|
|c BK
|